[Event "GER-ch Seniors 15th"]
[Site "Bad Wiessee"]
[Date "2003.05.12"]
[Round "3"]
[White "Servaty, Rudolf"]
[Black "Reichenbacher, Gerhard"]
[Result "0-1"]
[WhiteElo "2176"]
[BlackElo "1896"]
[PlyCount "64"]
[EventDate "2003.05.??"]
[EventType "swiss"]
[EventRounds "9"]
[EventCountry "GER"]
[SourceTitle "EXT 2006"]
[Source "ChessBase"]
[SourceDate "2005.11.24"]
[SourceVersion "1"]
[SourceVersionDate "2005.11.24"]
[SourceQuality "1"]

1. d4 Nf6 2. c4 g6 3. Nc3 Bg7 4. e4 d6 5. Be2 0-0 6. Bg5 h6 7. Be3 e5 8. d5 a5 9. h4 Na6 10. g4 Nc5 11. f3 h5 12. g5 Ne8 13. Nh3 Bxh3 14. Rxh3 f5 15. exf5 Rxf5 16. Ne4 b6 17. Kd2 Qd7 18. Rg3 Rf4 19. Qh1 Qa4 20. b3 Qb4+ 21. Kc2 a4 22. Nxc5 dxc5 23. Bd2 Qa3 24. Bc3 e4 25. fxe4 Bxc3 26. Rxc3 Nd6 27. e5 Nf5 28. d6 axb3+ 29. Rxb3 Nd4+ 30. Kd3 Nxb3 31. axb3 Qxb3+ 32. Kd2 Rd4+ 0-1

[Event "GER-ch Seniors 15th"]
[Site "Bad Wiessee"]
[Date "2003.05.11"]
[Round "2"]
[White "Stumpf, Walter"]
[Black "Servaty, Rudolf"]
[Result "1/2-1/2"]
[WhiteElo "1996"]
[BlackElo "2176"]
[PlyCount "64"]
[EventDate "2003.05.??"]
[EventType "swiss"]
[EventRounds "9"]
[EventCountry "GER"]
[SourceTitle "EXT 2006"]
[Source "ChessBase"]
[SourceDate "2005.11.24"]
[SourceVersion "1"]
[SourceVersionDate "2005.11.24"]
[SourceQuality "1"]

1. d4 Nf6 2. Nf3 g6 3. g3 Bg7 4. Bg2 0-0 5. c4 c6 6. 0-0 d5 7. cxd5 cxd5 8. Nc3 Nc6 9. b3 Bf5 10. Bb2 Ne4 11. e3 Rc8 12. Nxe4 Bxe4 13. Ne5 Bxg2 14. Nxc6 Rxc6 15. Kxg2 Qa5 16. a3 e6 17. Qd3 Rfc8 18. Rfc1 Bf8 19. b4 Qa4 20. Rxc6 Rxc6 21. Rc1 Rxc1 22. Bxc1 Qc6 23. Bb2 b5 24. Qc3 Qxc3 25. Bxc3 Kg7 26. f4 Kf6 27. Kf3 h5 28. h3 Ke7 29. g4 hxg4+ 30. hxg4 f5 31. g5 Kd7 32. Ke2 Kc6 1/2-1/2

[Event "GER-ch Seniors 15th"]
[Site "Bad Wiessee"]
[Date "2003.05.10"]
[Round "1"]
[White "Servaty, Rudolf"]
[Black "Uhlemann, Walter"]
[Result "1-0"]
[WhiteElo "2176"]
[BlackElo "2100"]
[PlyCount "79"]
[EventDate "2003.05.??"]
[EventType "swiss"]
[EventRounds "9"]
[EventCountry "GER"]
[SourceTitle "EXT 2006"]
[Source "ChessBase"]
[SourceDate "2005.11.24"]
[SourceVersion "1"]
[SourceVersionDate "2005.11.24"]
[SourceQuality "1"]

1. d4 Nf6 2. c4 e6 3. Nf3 b6 4. Nc3 Bb7 5. e3 d6 6. Bd3 Nbd7 7. 0-0 Be7 8. e4 e5 9. Re1 0-0 10. b3 c5 11. dxe5 dxe5 12. Bb2 Re8 13. Nd5 Bd6 14. Bf1 Nf8 15. g3 Ng6 16. Bh3 Nxd5 17. cxd5 Bc8 18. Bf1 Bd7 19. a4 a6 20. h4 Bg4 21. Qd3 Qe7 22. Nh2 Bd7 23. Bc1 b5 24. h5 Nf8 25. h6 g6 26. a5 f5 27. f3 Qf6 28. Qd2 f4 29. gxf4 exf4 30. Bb2 Be5 31. Bxe5 Rxe5 32. Qf2 Rg5+ 33. Bg2 Bh3 34. e5 Qf5 35. Ng4 Bxg4 36. fxg4 Rxg4 37. Kf1 Rc8 38. e6 Nxe6 39. dxe6 Kf8 40. Rad1 1-0

[Event "GER North-ch Seniors 5th"]
[Site "Bad Bevensen"]
[Date "2002.06.22"]
[Round "1"]
[White "Bernhart, Ernst"]
[Black "Servaty, Rudolf"]
[Result "1/2-1/2"]
[WhiteElo "1630"]
[BlackElo "2201"]
[PlyCount "90"]
[EventDate "2002.06.??"]
[EventType "swiss"]
[EventRounds "9"]
[EventCountry "GER"]
[SourceTitle "EXT 2006"]
[Source "ChessBase"]
[SourceDate "2005.11.24"]
[SourceVersion "1"]
[SourceVersionDate "2005.11.24"]
[SourceQuality "1"]

1. c4 Nf6 2. Nc3 c5 3. g3 Nc6 4. Bg2 e6 5. Nf3 d5 6. cxd5 exd5 7. d4 h6 8. 0-0 Be6 9. e3 Rc8 10. Ne2 c4 11. Nc3 a6 12. Re1 Bb4 13. a3 Ba5 14. Qc2 0-0 15. Rd1 b5 16. Bd2 Bb6 17. Ne2 Qd7 18. Nf4 Bf5 19. Qc1 Be4 20. Ne5 Nxe5 21. dxe5 Bxg2 22. Kxg2 Ne4 23. Bb4 d4 24. Bxf8 Rxf8 25. exd4 g5 26. Ne2 f6 27. f3 fxe5 28. fxe4 exd4 29. Nxd4 Bxd4 30. Qd2 Rd8 31. Qe2 Qc7 32. Qg4 Qe5 33. Qf5 Qe7 34. Qg6+ Qg7 35. Qxg7+ Kxg7 36. Rd2 Kf6 37. Rad1 Ke5 38. Re2 a5 39. Rf1 c3 40. Rf5+ Ke6 41. bxc3 Be5 42. Rf3 Rc8 43. Rc2 Rc4 44. Re3 b4 45. axb4 axb4 1/2-1/2

[Event "Bad Woerishofen Seniors op 18th"]
[Site "Bad Woerishofen"]
[Date "2002.??.??"]
[Round "2"]
[White "Reinke, Markus"]
[Black "Servaty, Rudolf"]
[Result "0-1"]
[WhiteElo "2200"]
[BlackElo "2201"]
[PlyCount "89"]
[EventDate "2002.03.??"]
[EventType "swiss"]
[EventRounds "9"]
[EventCountry "GER"]
[SourceTitle "EXT 2003"]
[Source "ChessBase"]
[SourceDate "2002.11.25"]
[SourceVersion "1"]
[SourceVersionDate "2002.11.25"]
[SourceQuality "1"]

1. d4 Nf6 2. c4 c5 3. d5 e5 4. Bg5 d6 5. Nc3 Be7 6. e3 Nxd5 7. Qxd5 Bxg5 8. Rd1 Be7 9. Nb5 0-0 10. Ne2 Nc6 11. a3 Be6 12. Qd3 Na5 13. b3 Qb6 14. Nec3 a6 15. Na4 Qd8 16. Nbc3 Nxb3 17. Rb1 Na5 18. Nb6 Rb8 19. Qe4 f5 20. Qc2 Qe8 21. Qd2 Nc6 22. Be2 Qf7 23. 0-0 Kh8 24. Ncd5 Bd8 25. Rfd1 Bxb6 26. Rxb6 Rbd8 27. Rdb1 Rd7 28. Qd1 f4 29. Bh5 g6 30. Bf3 fxe3 31. fxe3 Bxd5 32. cxd5 Nd8 33. e4 Qf4 34. Qe2 Qf6 35. a4 Rc7 36. Qc4 Qe7 37. Rf1 Rf6 38. a5 Qf8 39. Rfb1 h5 40. R6b3 Qh6 41. Qa4 Rcf7 42. Qe8+ Rf8 43. Qd7 Qd2 44. Qa4 g5 45. Rd1 0-1

[Event "Sueder Sommer op 11th"]
[Site "Recklinghausen"]
[Date "2000.07.27"]
[Round "6"]
[White "Kaufeld, Juergen"]
[Black "Servaty, Rudolf"]
[Result "1/2-1/2"]
[WhiteElo "2124"]
[BlackElo "2273"]
[PlyCount "40"]
[EventDate "2000.07.22"]
[EventType "swiss"]
[EventRounds "9"]
[EventCountry "GER"]
[SourceTitle "EXT 2001"]
[Source "ChessBase"]
[SourceDate "2000.11.22"]
[SourceVersion "1"]
[SourceVersionDate "2000.11.22"]
[SourceQuality "1"]

1. e4 c5 2. Nf3 e6 3. d4 cxd4 4. Nxd4 a6 5. Nc3 Qc7 6. Be3 Nf6 7. Bd3 Bb4 8. 0-0 Nc6 9. Nxc6 bxc6 10. f4 d5 11. e5 Nd7 12. Qg4 Bf8 13. Na4 g6 14. c4 Qa5 15. b3 Nc5 16. Nxc5 Bxc5 17. Qe2 0-0 18. Rf3 Rd8 19. Rc1 Qa3 20. Rc2 Bxe3+ 1/2-1/2

[Event "Ruhrgebiet VL,VK 9900 Relegation1"]
[Site "Ruhrgebiet"]
[Date "2000.06.25"]
[Round "?"]
[White "Wolf, Ulrich"]
[Black "Servaty, Rudolf"]
[Result "1-0"]
[WhiteElo "2117"]
[BlackElo "1987"]
[PlyCount "97"]
[EventDate "2000.??.??"]
[EventType "team-tourn"]
[EventRounds "3"]
[EventCountry "GER"]
[SourceTitle "EXT 2024"]
[Source "ChessBase"]
[SourceDate "2023.10.10"]
[SourceVersion "1"]
[SourceVersionDate "2023.10.10"]
[SourceQuality "1"]
[WhiteTeam "Wattenscheid SV III"]
[BlackTeam "Dortmund Hansa II"]
[WhiteTeamCountry "GER"]
[BlackTeamCountry "GER"]

1. Nf3 c5 2. c4 Nc6 3. Nc3 g6 4. d4 cxd4 5. Nxd4 Bg7 6. Nc2 d6 7. e4 Nf6 8. Be2 0-0 9. 0-0 b6 10. Be3 h6 11. Rc1 Bb7 12. Qd2 Kh7 13. f3 Rc8 14. b3 e6 15. Rfd1 Ne8 16. Nb5 Qe7 17. Bf1 Rd8 18. Qe1 Nc7 19. Nxc7 Qxc7 20. Nd4 Nxd4 21. Bxd4 e5 22. Bf2 f5 23. Bd3 f4 24. b4 Bc6 25. Qe2 Qb8 26. c5 dxc5 27. bxc5 b5 28. Rb1 Rd7 29. a4 a6 30. axb5 axb5 31. Rb3 Rb7 32. Rdb1 Rd8 33. h3 b4 34. Ba6 Rbd7 35. Rxb4 Qc7 36. R4b2 Bf8 37. Kh2 Qa5 38. Rc1 Ra8 39. Bc4 Kg7 40. Ra2 Qd8 41. Rxa8 Bxa8 42. Bb3 Bc6 43. Qc4 h5 44. Qg8+ Kh6 45. Qh8+ Rh7 46. Qxe5 Qd2 47. Bh4 Be7 48. Rd1 Qe3 49. Bxe7 1-0

[Event "Ruhrgebiet VL,VK 9900 Relegation1"]
[Site "Ruhrgebiet"]
[Date "2000.06.04"]
[Round "1"]
[White "Watzlawek, Markus"]
[Black "Servaty, Rudolf"]
[Result "0-1"]
[WhiteElo "2014"]
[BlackElo "1987"]
[PlyCount "102"]
[EventDate "2000.??.??"]
[EventType "team-tourn"]
[EventRounds "3"]
[EventCountry "GER"]
[SourceTitle "EXT 2024"]
[Source "ChessBase"]
[SourceDate "2023.10.10"]
[SourceVersion "1"]
[SourceVersionDate "2023.10.10"]
[SourceQuality "1"]
[WhiteTeam "Kamen SV"]
[BlackTeam "Dortmund Hansa II"]
[WhiteTeamCountry "GER"]
[BlackTeamCountry "GER"]

1. d4 Nf6 2. c4 c5 3. d5 e5 4. Nc3 d6 5. e4 Be7 6. h3 0-0 7. Bd3 Ne8 8. Nf3 a6 9. g4 Nd7 10. a4 b6 11. Be3 a5 12. Ne2 f6 13. Ng3 Rf7 14. Nf5 Nf8 15. Qe2 Ng6 16. Qd2 Bf8 17. 0-0-0 Ne7 18. Rdg1 Kh8 19. Rg2 Ng8 20. h4 g6 21. Nh6 Nxh6 22. Bxh6 Bxh6 23. Qxh6 Ng7 24. b3 Bd7 25. Ne1 Qe7 26. Nc2 Rg8 27. Rhg1 Ne8 28. Qe3 Rfg7 29. Qe2 f5 30. g5 f4 31. Qd1 Rf7 32. Be2 Ng7 33. Bg4 f3 34. Bxf3 Rgf8 35. Ne1 Rf4 36. h5 gxh5 37. Rh2 Qf7 38. Rg3 h4 39. g6 Qf6 40. Bg4 Bxg4 41. Rxg4 hxg6 42. Nd3 Rxg4 43. Qxg4 g5 44. Rg2 Kh7 45. Qxg5 Qxg5+ 46. Rxg5 Rf3 47. Kd2 h3 48. Rg4 Nh5 49. Rh4 Kg6 50. Ke2 Rxd3 51. Kxd3 Kg5 0-1

[Event "Bad Woerishofen Seniors op 16th"]
[Site "Bad Woerishofen"]
[Date "2000.??.??"]
[Round "8"]
[White "Servaty, Rudolf"]
[Black "Schmid, Hermann"]
[Result "1-0"]
[WhiteElo "2270"]
[BlackElo "2200"]
[PlyCount "65"]
[EventDate "2000.03.??"]
[EventType "swiss"]
[EventRounds "9"]
[EventCountry "GER"]
[SourceTitle "EXT 2003"]
[Source "ChessBase"]
[SourceDate "2002.11.25"]
[SourceVersion "1"]
[SourceVersionDate "2002.11.25"]
[SourceQuality "1"]

1. d4 g6 2. e4 d6 3. Nf3 Bg7 4. c3 c5 5. dxc5 dxc5 6. Qxd8+ Kxd8 7. Bc4 e6 8. 0-0 Nc6 9. Bf4 e5 10. Be3 b6 11. Bxf7 Nge7 12. Bc4 h6 13. Rd1+ Kc7 14. Nbd2 g5 15. Bd5 Ba6 16. Bc4 Bc8 17. Be2 Be6 18. h3 Bf6 19. a4 a5 20. Nc4 Rag8 21. Na3 Nc8 22. Nb5+ Kb7 23. Nd2 g4 24. hxg4 Bxg4 25. Bxg4 Rxg4 26. f3 Rg7 27. Nc4 Rhg8 28. Rd2 Bg5 29. Rad1 Rf8 30. Rd7+ Rxd7 31. Rxd7+ Kb8 32. Bxg5 hxg5 33. Rg7 1-0

[Event "GER-ch Seniors 11th"]
[Site "Bad Wiessee"]
[Date "1999.04.28"]
[Round "8"]
[White "Trnovec, Mihaly"]
[Black "Servaty, Rudolf"]
[Result "0-1"]
[WhiteElo "2080"]
[BlackElo "2290"]
[PlyCount "112"]
[EventDate "1999.04.21"]
[EventType "swiss"]
[EventRounds "9"]
[EventCountry "GER"]
[SourceTitle "EXT 2002"]
[Source "ChessBase"]
[SourceDate "2001.11.25"]
[SourceVersion "1"]
[SourceVersionDate "2001.11.25"]
[SourceQuality "1"]

1. e4 c5 2. Nc3 Nc6 3. f4 e6 4. Bc4 a6 5. a3 Nge7 6. d3 d5 7. Ba2 g6 8. Nf3 Bg7 9. e5 b5 10. 0-0 Qb6 11. Ne2 Nf5 12. c3 d4 13. g4 Ne3 14. Bxe3 dxe3 15. Qc1 c4 16. d4 Ne7 17. Qxe3 Bb7 18. Bb1 h5 19. g5 h4 20. h3 Nf5 21. Bxf5 gxf5 22. Kf2 0-0-0 23. Rg1 Bd5 24. Ne1 Bf8 25. Nf3 Be7 26. Nd2 a5 27. a4 b4 28. cxb4 axb4 29. Nxc4 Qa6 30. b3 Kb8 31. Rgc1 Rc8 32. Nd6 Bxd6 33. exd6 Qxd6 34. Qe5 Qxe5 35. dxe5 Kb7 36. Nd4 Ka6 37. a5 Rxc1 38. Rxc1 Rb8 39. Rc5 Rb7 40. Nxf5 Bxb3 41. Nd6 Rb8 42. Ne4 Bd5 43. Nd2 b3 44. Rc7 Rb7 45. Rc1 b2 46. Rg1 Ba2 47. g6 fxg6 48. Ke2 b1Q 49. Nxb1 Bxb1 50. Rg4 Bf5 51. Rxh4 Rb3 52. Rh8 Bxh3 53. Ra8+ Kb7 54. Rf8 Ra3 55. Kd2 Rxa5 56. Kc3 Ra4 0-1

[Event "GER-ch Seniors 11th"]
[Site "Bad Wiessee"]
[Date "1999.04.27"]
[Round "7"]
[White "Servaty, Rudolf"]
[Black "Minz, Michail"]
[Result "1/2-1/2"]
[WhiteElo "2290"]
[BlackElo "2143"]
[PlyCount "45"]
[EventDate "1999.04.21"]
[EventType "swiss"]
[EventRounds "9"]
[EventCountry "GER"]
[SourceTitle "EXT 2002"]
[Source "ChessBase"]
[SourceDate "2001.11.25"]
[SourceVersion "1"]
[SourceVersionDate "2001.11.25"]
[SourceQuality "1"]

1. d4 e6 2. c4 d5 3. Nc3 Nf6 4. Nf3 Be7 5. e3 0-0 6. Bd3 dxc4 7. Bxc4 c5 8. 0-0 a6 9. a4 cxd4 10. exd4 Nc6 11. Be3 Bd7 12. Ne5 Rc8 13. Qe2 Nb4 14. Rfd1 Qe8 15. Bb3 Bc6 16. Nxc6 Rxc6 17. a5 Qd8 18. Qf3 Nbd5 19. Bd2 h6 20. Rac1 Rc8 21. Nxd5 Nxd5 22. Qg3 Qd6 23. Qf3 1/2-1/2

[Event "GER-ch Seniors 11th"]
[Site "Bad Wiessee"]
[Date "1999.04.21"]
[Round "1"]
[White "Haensch, Reinhard"]
[Black "Servaty, Rudolf"]
[Result "1-0"]
[WhiteElo "1820"]
[BlackElo "2290"]
[PlyCount "114"]
[EventDate "1999.04.21"]
[EventType "swiss"]
[EventRounds "9"]
[EventCountry "GER"]
[SourceTitle "EXT 2002"]
[Source "ChessBase"]
[SourceDate "2001.11.25"]
[SourceVersion "1"]
[SourceVersionDate "2001.11.25"]
[SourceQuality "1"]

1. Nf3 c5 2. a4 d5 3. e4 dxe4 4. Ng5 Nf6 5. Nc3 Nc6 6. Bc4 e6 7. Ngxe4 Be7 8. Nxf6+ Bxf6 9. Ne4 Be7 10. 0-0 0-0 11. d3 b6 12. Bd2 Bb7 13. Re1 a6 14. Bc3 Nd4 15. Bxd4 cxd4 16. Qf3 Kh8 17. Qe2 Qd7 18. Bb3 b5 19. axb5 axb5 20. f3 Qc7 21. Qf2 f5 22. Nd2 Rxa1 23. Rxa1 Bg5 24. Nf1 e5 25. Qe1 Qc5 26. Kh1 g6 27. Qe2 Bf6 28. Ng3 h5 29. Qd2 Kg7 30. h3 Re8 31. Ra5 h4 32. Ne2 Bd8 33. Ra1 g5 34. c3 dxc3 35. Qxc3 Qe3 36. Ng1 Bb6 37. Re1 Qd4 38. Bc2 b4 39. Qb3 Rf8 40. Qe6 b3 41. Bxb3 Qb4 42. Qxe5+ Kg6 43. Qe6+ Kh5 44. Bd1 f4 45. Qg4+ Kg6 46. Qe6+ Rf6 47. Qe8+ Rf7 48. Qg8+ Kf6 49. Qh8+ Rg7 50. Qh6+ Rg6 51. Re6+ Kxe6 52. Qxg6+ Kd7 53. Qg7+ Qe7 54. Ba4+ Kd6 55. Qg6+ Kc7 56. d4 Bxd4 57. Qc2+ Kb8 1-0